Applied Dairy Microbiology (Record no. 14184)
[ view plain ]
| 000 -LEADER | |
|---|---|
| fixed length control field | 00384nam a22001577a 4500 |
| 020 ## - INTERNATIONAL STANDARD BOOK NUMBER | |
| ISBN | 082470536X |
| 082 ## - DEWEY DECIMAL CLASSIFICATION NUMBER | |
| Classification number | 637.01579 |
| Item number | MAR/AP |
| 245 ## - TITLE STATEMENT | |
| Title | Applied Dairy Microbiology |
| 250 ## - EDITION STATEMENT | |
| Edition statement | 2 |
| 260 ## - PUBLICATION, DISTRIBUTION, ETC. (IMPRINT) | |
| Place of publication | New York |
| Name of publisher | Marcel Dekker, Inc |
| Year of publication | 2001 |
| 300 ## - PHYSICAL DESCRIPTION | |
| Number of Pages | 744 |
| 650 ## - SUBJECT ADDED ENTRY--TOPICAL TERM | |
| Topical Term | Dairy Microbilogy |
| 700 ## - ADDED ENTRY--PERSONAL NAME | |
| Personal name | Marth, Elmer H |
| 700 ## - ADDED ENTRY--PERSONAL NAME | |
| Personal name | Steele, James L |
| 942 ## - ADDED ENTRY ELEMENTS (KOHA) | |
| Koha item type | Books |
| Withdrawn status | Lost status | Damaged status | Collection code | Home library | Current library | Shelving location | Date acquired | Source of acquisition | Cost, normal purchase price | Full call number | Accession Number | Koha item type |
|---|---|---|---|---|---|---|---|---|---|---|---|---|
| KAUAET | KAUAET | General Stacks | 22/06/2016 | 2195.00 | 2195.00 | 637.01579 MAR/AP | 23767 | Books | ||||
| Non-fiction | KAUAET | KAUAET | General Stacks | 22/05/2019 | 2595.00 | 637.01579 MAR/AP | 25884 | Books |
